Ancient India : (Record no. 672012)
[ view plain ]
| 000 -LEADER | |
|---|---|
| fixed length control field | 01234nam a2200325 a 4500 |
| 001 - CONTROL NUMBER | |
| control field | vtls000824433 |
| 003 - CONTROL NUMBER IDENTIFIER | |
| control field | NLI |
| 005 - DATE AND TIME OF LATEST TRANSACTION | |
| control field | 20210627055923.0 |
| 008 - FIXED-LENGTH DATA ELEMENTS--GENERAL INFORMATION | |
| fixed length control field | 110331m1995uuuuii ab 000 0 eng |
| 039 #9 - LEVEL OF BIBLIOGRAPHIC CONTROL AND CODING DETAIL [OBSOLETE] | |
| -- | 201103312023 |
| -- | Datasoft |
| 040 0# - CATALOGING SOURCE | |
| Original cataloging agency | NLI |
| Language of cataloging | eng |
| Transcribing agency | Retro_DSC 1 |
| Description conventions | AACR2 |
| 041 0# - LANGUAGE CODE | |
| Language code of text/sound track or separate title | eng |
| 044 ## - COUNTRY OF PUBLISHING/PRODUCING ENTITY CODE | |
| MARC country code | ii |
| 082 04 - DEWEY DECIMAL CLASSIFICATION NUMBER | |
| Classification number | 954 |
| 100 1# - MAIN ENTRY--PERSONAL NAME | |
| Personal name | Shah, Tribhuvandas L. |
| 9 (RLIN) | 803723 |
| 245 10 - TITLE STATEMENT | |
| Title | Ancient India : |
| Remainder of title | history of ancient India for 1000 years in four volumes, from 900 B.C. to 100 A.D / |
| Statement of responsibility, etc. | by Tribhuvandas L. Shah |
| 260 ## - PUBLICATION, DISTRIBUTION, ETC. | |
| Place of publication, distribution, etc. | Baroda : |
| Name of publisher, distributor, etc. | Shashikant, |
| Date of publication, distribution, etc. | 1995- |
| 300 ## - PHYSICAL DESCRIPTION | |
| Extent | -v. : |
| Other physical details | ill., maps ; |
| Dimensions | 24 cm. |
| 500 ## - GENERAL NOTE | |
| General note | Library has vol.1 and 2 |
| 505 0# - FORMATTED CONTENTS NOTE | |
| Formatted contents note | Vol.1 and v.2 A marvellous array of uholly new and eye opening theories substantiated with facts and figures from coins inscriptions and authoritative writers |
| 651 #0 - SUBJECT ADDED ENTRY--GEOGRAPHIC NAME | |
| Geographic name | India |
| General subdivision | History |
| Chronological subdivision | 324 B.C.-1000 A.D |
| 9 (RLIN) | 703570 |
| 710 2# - ADDED ENTRY--CORPORATE NAME | |
| Corporate name or jurisdiction name as entry element | Dr. Sailendra Nath Sen Collection (National Library, India) |
| 887 ## - NON-MARC INFORMATION FIELD | |
| Content of non-MARC field | |
| 901 ## - LOCAL DATA ELEMENT A, LDA (RLIN) | |
| a | SC2489 |
| b | 16.5.1962 |
| 9 | v.1 |
| 901 ## - LOCAL DATA ELEMENT A, LDA (RLIN) | |
| a | SC2540 |
| b | 18.5.1962 |
| 9 | v.2 |
| 902 ## - LOCAL DATA ELEMENT B, LDB (RLIN) | |
| a | S.C 954 Sh 13 |
| 949 ## - LOCAL PROCESSING INFORMATION (OCLC) | |
| -- | VIRTUAITEM |
| -- | 10000 |
| -- | 100 |
| 6 | GSC000002489ENG |
| 9 | v.1 |
| 942 ## - ADDED ENTRY ELEMENTS (KOHA) | |
| Source of classification or shelving scheme | Dewey Decimal Classification |
| Koha item type | Books |
| 949 ## - LOCAL PROCESSING INFORMATION (OCLC) | |
| -- | VIRTUAITEM |
| -- | 10000 |
| -- | 100 |
| 6 | GSC000002540ENG |
| 9 | v.2 |
| Withdrawn status | Lost status | Damaged status | Not for loan | Collection code | Home library | Current library | Shelving location | Date acquired | Total Checkouts | Full call number | Barcode | Date last seen | Price effective from | Koha item type |
|---|---|---|---|---|---|---|---|---|---|---|---|---|---|---|
| Saliendranath Collection | National Library of India | National Library of India | Saliendranath Collection - Main Stack Division | S.C 954 Sh 13 | GSC000002489ENG | 27/06/2021 | 27/06/2021 | Books | ||||||
| Saliendranath Collection | National Library of India | National Library of India | Saliendranath Collection - Main Stack Division | S.C 954 Sh 13 | GSC000002540ENG | 27/06/2021 | 27/06/2021 | Books |
